000 00341nam a2200121 i 4500
001 bg
245 0 _aSamopodnastraiwajusciesja stanki :
_bUprawlenie uprugami peremescenijami sistemy SPID /
_cp. red. B.S. Balaskina.
260 _aMoskwa,
_c1970.
040 _cBPK
041 _apol
942 _cKS
008 s pl f |000 0 pol
999 _c15381
_d15381
856 _uhttp://koha.tu.koszalin.pl/cgi-bin/koha/opac-detail.pl?biblionumber=15381
_yKatalog online BPK